Datum a čas kvízu
26
Celkem bodů
Celkový počet nahraných bodů na tomto kvízu bez doplňovacích otázek.
8.
Pořadí na kvízu
Konečné umístění týmu na tomto kvízu.
Zaznamenané odpovědi
| # | Otázka | Odpověď | Body | Výsledky |
|---|---|---|---|---|
| 1. | Jeden politik sdílel na svém p... | Jindřich Rajchl | 1 | |
| 2. | Balendra Šáh se v pátek stal p... | A | 1 | |
| 3. | První ukázku ze své novinky po... | Pět švestek | 0 | |
| 4. | Automobilka Škoda se rozhodla... | v Číně | 1 | |
| 5. | Po 33 letech se do České repub... | Kaori Sakamoto; Ilia Malinin | 1 | |
| 6. | „Na kterém z havajských ostrov... | B | 0 | |
| 7. | AZ Kvíz se na obrazovkách obje... | 1 100 Kč | 0 | |
| 8. | Doplňte tři slova do sloganu s... | který vám zaplatí | 1 | |
| 9. | Která herečka se objevuje v pa... | Jiřina Bohdalová | 0 | |
| 10. | Kdo byl moderátorem soutěže, j... | Marek Eben, Valtice | 0.5 |